Obálka Náhled e-knihy:
PDF Epub
Pro půjčování e-knih musíte být přihlášeni.
Jak si půjčit online?

Zločin: Čierny sneh /

Kto je v skutočnosti páchateľ a kto obeť? Nikdy nedaj na prvý dojem, zdanie často klame...Larin brat Simon zmizol bez stopy. Nikto netuší prečo, ani polícia nemá žiadne vysvetlenie. Lara sa rozhodne pátrať na vlastnú päsť a zistí zvláštne veci, ktoré sa k jej predstave o Simonovi vôbec nehodia. Medz...

Celý popis

Uloženo v:
Hlavní autor: Mladý, Slavo (Autor)
Médium: E-kniha
Jazyk:Czech
Vydáno: Praha : Albatros Media Slovakia s.r.o., 2016
Tagy:
Žádné tagy
LEADER 01487nam a22002297i 4500
001 310585
007 ta
008 260601s2016 xr ||||| |||| 00| 0 cze d
020 |a 9788080896324 
044 |a xr 
100 1 |a  Mladý, Slavo  |4 aut 
245 1 0 |a Zločin: Čierny sneh /  |c  Mladý, Slavo 
264 1 |a Praha :  |b Albatros Media Slovakia s.r.o.,  |c 2016 
300 |a 1 online zdroj (192 stran) 
336 |a text  |b txt  |2 rdacontent 
337 |a bez média  |b n  |2 rdamedia 
338 |a online zdroj  |b cr  |2 rdacarrier 
520 2 |a Kto je v skutočnosti páchateľ a kto obeť? Nikdy nedaj na prvý dojem, zdanie často klame...Larin brat Simon zmizol bez stopy. Nikto netuší prečo, ani polícia nemá žiadne vysvetlenie. Lara sa rozhodne pátrať na vlastnú päsť a zistí zvláštne veci, ktoré sa k jej predstave o Simonovi vôbec nehodia. Medzitým sa po mestečku začnú šíriť divoké špekulácie a klebety. Hovorí sa o násilí, mučení a vydieraní. Bol Simon páchateľ alebo obeť? Lara je odhodlaná zistiť pravdu za každú cenu! 
910 |a RBIT002 
998 |d 171102  |a https://core.palmknihy.cz/api/books/171102/cover?jnsh8w  |b https://core.palmknihy.cz/api/books/171102/cover/400?dkq050  |c https://core.palmknihy.cz/api/books/171102/cover/50?1barqz  |e   |g 192  |i 9788080896324  |j https://core.palmknihy.cz/api/books/171102/preview.epub  |k https://core.palmknihy.cz/api/books/171102/preview.pdf  |l   |q 49  |r 1  |s https://www.palmknihy.cz/kniha/171102  |t ebook  |y 2016  |z 1 
999 |d 310583